000 00684cam a2200253 a 4500
001 915732
005 20180129093422.0
008 820517s1983 mdu b 001 0 eng
010 _a 82009945
020 _a0801827655
020 _a0801827663 (pbk.)
040 _aDLC
_cDLC
_dDLC
041 1 _aengfre
043 _ad------
080 _a330.91724
082 0 0 _a330.91724 LOU
_219
100 1 _a19
101 _aSHP
240 1 0 _aTiers-monde, peut-il survivre?
_lEnglish
245 1 0 _aCan the Third World survive? /
_cJacques Loup.
504 _aIncludes bibliographical references and index.
906 _a7
_bcbc
_corignew
_d1
_eocip
_f19
_gy-gencatlg
942 _2ddc
_cBK
999 _c41198
_d41198